000 00516nam a2200145Ia 4500
008 151213s9999 xx 000 0 und d
100 _aআজিজুল হক।
245 _aঅস্তিত্ত্বের চেতনায়ও আমাদের কবিতা
_cআজিজুল হক।
260 _aঢাকা
_bবাংলা একাডেমী।
_c1985
300 _a8765 p.
650 _aBangla
650 _aকবিতা
700 _aআজিজুল হক।
999 _c4550
_d4550